Statystyki dla The Walking Dead - SEZON 2

Kliknij tutaj aby rozwiązać quiz!

Ogólne statystyki

  • Ten quiz został rozwiązany 30 razy
  • Średni wynik to 3 z 12

Statystyki odpowiedzi

Odpowiedź% Poprawnych
Otis
74%
Hershel Greene
70%
Beth Greene
59%
Patricia
44%
Maggie Rhee
37%
Jimmy
26%
Michonne Grimes
19%
Sean
11%
Tony
4%
Dave
0%
Nate
0%
Randall Culver
0%

Rozkład punktacji

Percentyl według liczby udzielonych odpowiedzi

Procent ludzi z każdym wynikiem

Twoja historia wyników

Nie rozwiązałeś tego quizu